States of Germany Flags Map Quiz - Statistics

General Stats
  • This quiz has been taken 487 times
  • The average score is 7 of 16
Answers on the Map
Answers color-coded by a green-red scale on the quiz's map according to % correct below.
 
Answer Stats
Answer % Correct
Berlin
86%
Bavaria
81%
Hamburg
58%
Brandenburg
54%
Lower Saxony
51%
Baden-Württemberg
51%
Bremen
43%
North Rhine-Westphalia
42%
Saxony
42%
Schleswig-Holstein
41%
Mecklenburg-Vorpommern
39%
Saarland
37%
Saxony-Anhalt
33%
Rhineland-Palatinate
30%
Thuringia
27%
Hesse
27%
No matching quizzes found
Score Distribution
Percent of People with Each Score
Percentile by Number Answered
Your Score History
You have not taken this quiz